000 00248nam a2200109Ia 4500
008 220204s9999 xx 000 0 und d
082 _a793.3
_bHAN
100 _aHanson, Kitty
245 0 _aDisco fever
260 _aNew York
_bNal
_c1978
942 _cBK
999 _c33475
_d33475